000 00765cgm a2200241 r 4500
001 11510736
005 20180306083230.0
007 gouc-bdf
007 gouc-bff
008 781108s1978 nyu247 e fneng
010 _a 78730979
040 _aDLC
_cDLC
_dDLC
041 _aeng
043 _an-us---
080 _a730.973 EVE
082 1 0 _a730.973 EVE
100 _a44
101 _aART
245 0 0 _aContemporary artists at work, sculptors.
_cDan Tooker ; made by Harcourt Brace Jovanovich Films.
508 _aProducer, director, and photographer, Dan De Wilde; interviews, Dan Tooker; consultants, Henry T. Hopkins, Peter Plagens; music, Ken Melville.
906 _a7
_bcbc
_corignew
_du
_encip
_f19
_gy-movingim
942 _2ddc
_cBK
999 _c44212
_d44212